UBT Library

Elementary statistics / (Record no. 1188)

000 -LEADER
fixed length control field 00493nam a22001697a 4500
008 - FIXED-LENGTH DATA ELEMENTS--GENERAL INFORMATION
fixed length control field 150925b xxu||||| |||| 00| 0 eng d
020 ## - INTERNATIONAL STANDARD BOOK NUMBER
International Standard Book Number 0805376321
041 0# - LANGUAGE CODE
Language code of text/sound track or separate title eng
080 ## - UNIVERSAL DECIMAL CLASSIFICATION NUMBER
Universal Decimal Classification number 311.1
100 1# - Rafti
Rafti Triola, Mario F.
245 10 - TITLE STATEMENT
Title Elementary statistics /
Statement of responsibility, etc Mario F. Triola.
250 ## -
-- 5th ed., Annotated instructor's ed.
260 ## -
-- Reading, Mass. :
-- Addison-Wesley Pub. Co.,
-- 1992.
300 ## -
-- 1 v. (various pagings) :
-- me il.;
-- 24 cm.
650 #0 -
-- Statistika
942 ## - ADDED ENTRY ELEMENTS (KOHA)
Source of classification or shelving scheme
Item type Books
Holdings
Withdrawn status Lost status Source of classification or shelving scheme Damaged status Not for loan Collection code Permanent location Current location Shelving location Date acquired Total Checkouts Full call number Barcode Date last seen Price effective from Koha item type
          Koleksioni i përgjithshem UBT - Lipjan UBT - Lipjan Koleksioni i përgjithshem 09/25/2015   311.1 TRI 002-007747 09/25/2015 09/25/2015 Books
UBT Library © 2015-2024. All rights reserved University Education for Business and Technology